00410nam a2200157Ia 4500003000400000008004100004040001600045082001300061100002000074245006500094260003400159300001000193650001500203650001200218650002200230GCL140319s9999 xx 000 0 eng d aGCL / cGCL04a843bJ C1 aJACQ, CHRISTIAN10aCHAMPOLLION L'EGYPTIEN: ROMAN HISTORIQUE / cJACQ, CHRISTIAN a[S.N] : bLE ROCHER ، c1987 a368 P04aLITERATURE04aFICTION04aFRENCH LITERATURE